00726nam a2200241 a 450000100060000000300080000600500170001400800410003102000150007203500190008704000270010604100080013308200250014110000300016624500750019625000110027126000420028230000350032450400510035965000290041065000230043970000220046266472BD-RjUL20211209081539.0170316s1980 paua b 001 0 eng  a0812107144 a(BD-RjUL)66602 aDLCcDLCdBD-RjULbeng aeng00a616.12223bCAR 19801 aGrossman, William,d1940-10aCardiac catheterization and angiography /cedited by William Grossman. a2d ed. aPhiladelphia :bLea & Febiger,c1980. axiii, 427 p. :bill. ;c26 cm. aIncludes bibliographical references and index. 0aCardiac catheterization. 0aAngiocardiography. aGrossman, William